The museum of innocence / (Record no. 8234)
[ view plain ]
| 000 -LEADER | |
|---|---|
| fixed length control field | 00994cam a2200313 a 4500 |
| 001 - CONTROL NUMBER | |
| JCCL Control Number | 8234 |
| 003 - CONTROL NUMBER IDENTIFIER | |
| JCCL marc code | UkOxU |
| 005 - DATE AND TIME OF LATEST TRANSACTION | |
| control field | 20220310134021.0 |
| 008 - FIXED-LENGTH DATA ELEMENTS--GENERAL INFORMATION | |
| fixed length control field | 100512t20102009enkab 001 1 eng|d |
| 020 ## - INTERNATIONAL STANDARD BOOK NUMBER | |
| International Standard Book Number | 9780571237029 (pbk.) : |
| Terms of availability | £8.99 |
| 020 ## - INTERNATIONAL STANDARD BOOK NUMBER | |
| International Standard Book Number | 0571237029 (pbk.) : |
| Terms of availability | £8.99 |
| 035 ## - SYSTEM CONTROL NUMBER | |
| system control number | (Uk)015556595 |
| 035 ## - SYSTEM CONTROL NUMBER | |
| system control number | (StEdALDL)1/2383368 |
| 040 ## - CATALOGING SOURCE | |
| Original cataloging agency | StDuBDS |
| Transcribing agency | StDuBDS |
| Modifying agency | BD-JhCC |
| 041 1# - LANGUAGE CODE | |
| Language code of Book | eng |
| Language code of original and/or intermediate translations of text | tur |
| 082 04 - DEWEY DECIMAL CLASSIFICATION NUMBER | |
| Classification number | 894.3534 |
| DDC Edition number | 22 |
| Author mark and Year | PAM 2010 |
| 100 1# - MAIN ENTRY--PERSONAL NAME | |
| Personal name | Pamuk, Orhan, |
| Dates associated with a name | 1952- |
| 240 10 - UNIFORM TITLE | |
| Uniform title | Masumiyet müzesi. |
| 245 14 - TITLE STATEMENT | |
| Title | The museum of innocence / |
| Statement of responsibility, etc | Orhan Pamuk ; translated from the Turkish by Maureen Freely. |
| 260 ## - PUBLICATION, DISTRIBUTION, ETC. (IMPRINT) | |
| Place of publication, distribution, etc | London : |
| Name of publisher, distributor, etc | Faber and Faber, |
| Date of publication, distribution, etc | 2010. |
| 300 ## - PHYSICAL DESCRIPTION | |
| Pagination | xi, 733 p. : |
| Other physical details | ill., maps ; |
| Dimensions | 20 cm. |
| 500 ## - GENERAL NOTE | |
| General note | Includes index. |
| 650 #0 - SUBJECT ADDED ENTRY--TOPICAL TERM | |
| Topical term or geographic name as entry element | Social classes |
| Geographic subdivision | Turkey |
| -- | Istanbul |
| Form subdivision | Fiction. |
| 651 #0 - SUBJECT ADDED ENTRY--GEOGRAPHIC NAME | |
| Geographic name | Istanbul (Turkey) |
| General subdivision | Social life and customs |
| Form subdivision | Fiction. |
| 655 #0 - | |
| Genre/form data or focus term | Romance fiction. |
| 700 1# - ADDED ENTRY--PERSONAL NAME | |
| Personal name | Freely, Maureen, |
| Dates associated with a name | 1952- |
| 942 ## - ADDED ENTRY ELEMENTS (KOHA) | |
| Source of classification or shelving scheme | Dewey Decimal Classification |
| Koha item type | Books |
| Koha issues (borrowed), all copies | 1 |
| Source of classification or shelving scheme | Damaged status | Not for loan | Home library | Current library | Shelving location | Date of accession | Total Checkouts | Full call number | Barcode | Checked out | Date last seen | Date checked out | Copy number | Koha item type |
|---|---|---|---|---|---|---|---|---|---|---|---|---|---|---|
| Dewey Decimal Classification | JCC Rouf Library | JCC Rouf Library | General Stacks | 03/16/2023 | 5 | 894.3534 PAM 2010 | 8530 | 05/24/2025 | 04/28/2025 | 04/28/2025 | C - 1 | Books |